| 000 | 00425nam a2200169 4500 | ||
|---|---|---|---|
| 001 | 43823 | ||
| 090 | _a43823 | ||
| 100 | _a20241108 pory50 | ||
| 101 |
_apor _aing |
||
| 102 | _aPT | ||
| 200 |
_aA porta no chão _freliz. Tod Williams _gact.s: Jeff Bridges , Kim Basinger ... [et al.] |
||
| 210 |
_cPrisvideo _d[d. reg 2005] |
||
| 215 | _a1 DVD | ||
| 300 | _aM/16 | ||
| 675 | _a82-312.4 | ||
| 801 |
_aPT _gRPC |
||
| 990 | _cFILMES DVD | ||